MARC

LEADER 00000nam0a2200000 4500
001 332636
005 20231102004456.0
035 |a (RuTPU)RU\TPU\book\358589 
090 |a 332636 
100 |a 20170526d1980 km y0rusy50 ca 
101 0 |a rus 
102 |a RU 
105 |a a z 001zy 
200 1 |a Трение и износ при высоких скоростях скольжения  |f В. А. Балакин 
210 |a Москва  |c Машиностроение  |d 1980 
215 |a 135 с.  |c ил. 
320 |a Библиогр.: с. 131-133 
606 1 |a Трение скольжения  |2 stltpush  |3 (RuTPU)RU\TPU\subj\61569  |9 78757 
610 1 |a скорости 
610 1 |a износ 
610 1 |a материалы 
610 1 |a высокоскоростные установки 
610 1 |a твердые тела 
610 1 |a оплавление 
610 1 |a экспериментальные исследования 
610 1 |a тепловыделение 
675 |a 621.891  |v 4 
700 1 |a Балакин  |b В. А.  |g Василий Алексеевич 
801 1 |a RU  |b 63413507  |c 20170526 
801 2 |a RU  |b 63413507  |c 20220506  |g RCR 
942 |c BK